LIBRARY & INFORMATION CENTRE, KCAET, TAVANUR

ONLINE PUBLIC ACCESS CATALOGUE (OPAC)

Social reformers (Record no. 4344)

MARC details
000 -LEADER
fixed length control field 00424cam a2200169ua 4500
041 ## - LANGUAGE CODE
Language code of text/sound track or separate title eng
082 ## - DEWEY DECIMAL CLASSIFICATION NUMBER
Classification number 923
Item number WYM/SO
100 ## - MAIN ENTRY--AUTHOR NAME
Personal name Wymer, Norman .
245 ## - TITLE STATEMENT
Title Social reformers
260 ## - PUBLICATION, DISTRIBUTION, ETC. (IMPRINT)
Place of publication New York :
Name of publisher Oxford University Press ,
Year of publication 1955.
300 ## - PHYSICAL DESCRIPTION
Number of Pages 186 ; .
490 0# - SERIES STATEMENT
Series statement Lives of great men and women,
Volume number/sequential designation
942 ## - ADDED ENTRY ELEMENTS (KOHA)
Koha item type Books
Holdings
Withdrawn status Lost status Damaged status Home library Current library Date acquired Full call number Accession Number Koha item type
Withdrawn     KAUAET Malayalam University 07/04/2012 923 4767 Books
free website counter